000 01521cam a22003374a 4500
001 12701332
003 OSt
005 20150408113747.0
008 020312s2001 gw a b 101 0 eng
010 _a 2002020915
020 _a3540434534 (softcover : alk paper)
040 _aDLC
_cDLC
_dDLC
042 _apcc
050 0 0 _aQA267.3
_b.C63 2001
082 0 0 _a511.3
_221
111 2 _aConference on Developments in Language Theory
_n(5th :
_d2001 :
_cWein, Austria)
_98889
245 1 0 _aDevelopments in language theory :
_b5th International Conference, DLT 2001, Wien, Austria, July 16-21, 2001 : revised papers /
_cWerner Kuich, Grzegorz Rozenberg, Arto Salomaa (eds.).
260 _aBerlin ;
_aNew York :
_bSpringer,
_cc2002.
300 _aix, 388 p. :
_bill. ;
_c24 cm.
490 1 _aLecture notes in computer science,
_x0302-9743 ;
_v2295
_aLecture note in artificial intelligence
504 _aIncludes biographical references and index.
650 0 _aFormal languages
_vCongresses.
_98890
700 1 _aKuich, Werner,
_d1941-
_98891
700 1 _aRozenberg, Grzegorz.
_98892
700 1 _aSalomaa, Arto.
_98893
830 0 _aLecture notes in computer science
_v2295.
_98894
830 0 _aLecture notes in computer science.
_pLecture notes in artificial intelligence.
856 4 2 _3Publisher description
_uhttp://www.loc.gov/catdir/enhancements/fy0817/2002020915-d.html
942 _2ddc
_cBOOK
999 _c3590
_d238090